MARC
| LEADER | 00000 a a2200000 04500 | ||
|---|---|---|---|
| 001 | 25288 | ||
| 003 | |||
| 040 | |a CRAI/IIS |c CRAI/IIS | ||
| 020 | |a 92-1-32123 | ||
| 090 | |a 181000 | ||
| 110 | |a NU | ||
| 245 | |a Dos estudios sobre América Latina y el Caribe y la Económia Internacional / |c NU | ||
| 260 | |a Santiago: |b CEPAL | ||
| 300 | |a 126 p |b **no definido** | ||
| 710 | |a CEPAL | ||
| 999 | |c 17004 |d 17004 | ||
